<?xml version="1.0" encoding="UTF-8"?><?xml-stylesheet type="text/xsl" href="static/style.xsl"?><OAI-PMH xmlns="http://www.openarchives.org/OAI/2.0/" xmlns:xsi="http://www.w3.org/2001/XMLSchema-instance" xsi:schemaLocation="http://www.openarchives.org/OAI/2.0/ http://www.openarchives.org/OAI/2.0/OAI-PMH.xsd"><responseDate>2026-06-02T08:14:37Z</responseDate><request verb="GetRecord" identifier="oai:riuma.uma.es:10630/35720" metadataPrefix="marc">https://riuma.uma.es/rest/oai/request</request><GetRecord><record><header><identifier>oai:riuma.uma.es:10630/35720</identifier><datestamp>2026-02-03T11:01:14Z</datestamp><setSpec>com_10630_2254</setSpec><setSpec>col_10630_37953</setSpec></header><metadata><record xmlns="http://www.loc.gov/MARC21/slim" xmlns:dcterms="http://purl.org/dc/terms/" xmlns:doc="http://www.lyncode.com/xoai" xmlns:xsi="http://www.w3.org/2001/XMLSchema-instance" xsi:schemaLocation="http://www.loc.gov/MARC21/slim http://www.loc.gov/standards/marcxml/schema/MARC21slim.xsd">
   <leader>00925njm 22002777a 4500</leader>
   <datafield ind2=" " ind1=" " tag="042">
      <subfield code="a">dc</subfield>
   </datafield>
   <datafield ind2=" " ind1=" " tag="720">
      <subfield code="a">Ruiz-Santamaría, José Luis</subfield>
      <subfield code="e">author</subfield>
   </datafield>
   <datafield ind2=" " ind1=" " tag="260">
      <subfield code="c">2017</subfield>
   </datafield>
   <datafield ind2=" " ind1=" " tag="520">
      <subfield code="a">En los últimos tiempos, la protección de las personas con discapacidad en Colombia ha experimentado un notable progreso, pasando del “modelo médico rehabilitador” al “modelo social” que pone el énfasis en la rehabilitación de una sociedad, que ha de ser concebida y diseñada para hacer frente a las necesidades de todas las personas, gestionando las diferencias e integrando la diversidad. En un principio, su sistema de Seguridad Social Integral, reglamentado primordialmente por la Ley 100 de 1993, contenía una única protección de las personas frente a la invalidez; sin embargo, en años posteriores se ha producido un amplio desarrollo jurisprudencial y normativo que ha contribuido a extender esta protección a un mayor número de personas.</subfield>
   </datafield>
   <datafield ind1="8" ind2=" " tag="024">
      <subfield code="a">Ruiz Santamaría, José Luis: "La diversidad funcional en Colombia: Protección de las personas con discapacidad en el sistema de seguridad social colombiano", Revista Internacional de Protección Social, Vol. 2, Nº. 2, 2017, págs. 69-91.</subfield>
   </datafield>
   <datafield ind1="8" ind2=" " tag="024">
      <subfield code="a">2445-3269</subfield>
   </datafield>
   <datafield ind1="8" ind2=" " tag="024">
      <subfield code="a">https://hdl.handle.net/10630/35720</subfield>
   </datafield>
   <datafield ind1="8" ind2=" " tag="024">
      <subfield code="a">10.12795/e-RIPS.2017.i02.07</subfield>
   </datafield>
   <datafield tag="653" ind2=" " ind1=" ">
      <subfield code="a">Personas con discapacidad - Colombia - Estatuto jurídico</subfield>
   </datafield>
   <datafield tag="653" ind2=" " ind1=" ">
      <subfield code="a">Personas con discapacidad - Colombia - Situación social</subfield>
   </datafield>
   <datafield ind2="0" ind1="0" tag="245">
      <subfield code="a">La diversidad funcional en Colombia: Protección de las personas con discapacidad en el sistema de seguridad social colombiano.</subfield>
   </datafield>
</record>
</metadata></record></GetRecord></OAI-PMH>